Nghệ thuật cắm hoa gia đình và lễ hội
Сохранить в:
| Главный автор: | |
|---|---|
| Формат: | |
| Язык: | Undetermined |
| Опубликовано: |
Hà Nội
Mỹ thuật
2004
|
| Предметы: | |
| Метки: |
Добавить метку
Нет меток, Требуется 1-ая метка записи!
|
| Thư viện lưu trữ: | Trung tâm Học liệu Trường Đại học Cần Thơ |
|---|
| LEADER | 00579nam a2200181Ia 4500 | ||
|---|---|---|---|
| 001 | CTU_92469 | ||
| 008 | 210402s9999 xx 000 0 und d | ||
| 082 | |a 745.92 | ||
| 082 | |b B305 | ||
| 100 | |a Lĩnh, Uyên Biên | ||
| 245 | 0 | |a Nghệ thuật cắm hoa gia đình và lễ hội | |
| 245 | 0 | |c Lĩnh Uyên Biên, Trịnh Trịng Đồ; Nguyễn Kim Dân dịch | |
| 260 | |a Hà Nội | ||
| 260 | |b Mỹ thuật | ||
| 260 | |c 2004 | ||
| 650 | |a Flower arrangement | ||
| 904 | |i Tuyến | ||
| 980 | |a Trung tâm Học liệu Trường Đại học Cần Thơ | ||